[Event "Helsingor Xtracon op"]
[Site "Helsingor"]
[Date "2019.07.27"]
[Round "9"]
[White "Jensen, Jonbert"]
[Black "Henriksen, Morgan"]
[Result "0-1"]
[WhiteElo "1461"]
[BlackElo "1683"]
[PlyCount "82"]
[EventDate "2019.07.20"]
[EventType "swiss"]
[EventRounds "10"]
[EventCountry "DEN"]
[SourceTitle "CBM 191 Extra"]
[Source "ChessBase"]
[SourceDate "2019.09.30"]
[SourceVersion "1"]
[SourceVersionDate "2019.09.30"]
[SourceQuality "1"]

1. e4 c5 2. Nf3 d6 3. Bc4 e6 4. a3 Nf6 5. Nc3 Be7 6. 0-0 0-0 7. Qe2 a6 8. h3 b5 9. Ba2 Nc6 10. Rb1 b4 11. Nd1 Rb8 12. d3 h6 13. Re1 Qc7 14. Bf4 bxa3 15. e5 dxe5 16. Bxe5 Nxe5 17. Qxe5 Bd6 18. Qe2 axb2 19. c4 Bb7 20. Nd2 Qa5 21. Rxb2 Bc6 22. Nb3 Qc7 23. Nc3 Rb7 24. f3 Rfb8 25. Reb1 Be5 26. Qe1 a5 27. Re2 Bd6 28. Ne4 Nxe4 29. dxe4 Rb4 30. Nd2 a4 31. e5 Be7 32. f4 Qb7 33. Qc1 Rb2 34. Kf1 Rxb1 35. Nxb1 Bh4 36. Nc3 Qb4 37. Qe3 Bd8 38. Re1 Qa3 39. Re2 Rb2 40. Rd2 Ba5 41. Qg3 Rxd2 0-1

[Event "Helsingor Xtracon op"]
[Site "Helsingor"]
[Date "2019.07.25"]
[Round "7"]
[White "Jensen, Jonbert"]
[Black "Nielsen, Pia"]
[Result "0-1"]
[WhiteElo "1461"]
[BlackElo "1365"]
[PlyCount "83"]
[EventDate "2019.07.20"]
[EventType "swiss"]
[EventRounds "10"]
[EventCountry "DEN"]
[SourceTitle "CBM 191 Extra"]
[Source "ChessBase"]
[SourceDate "2019.09.30"]
[SourceVersion "1"]
[SourceVersionDate "2019.09.30"]
[SourceQuality "1"]

1. e4 c6 2. d4 g6 3. Nf3 Bg7 4. Bd3 Nf6 5. 0-0 0-0 6. c4 d5 7. e5 Nfd7 8. Nc3 e6 9. cxd5 cxd5 10. h4 Nc6 11. h5 Ne7 12. hxg6 fxg6 13. g3 Nf5 14. Kg2 Rf7 15. Ng5 Re7 16. Qg4 Nf8 17. Rh1 h5 18. Qh3 Bh8 19. Nf3 Rh7 20. Bg5 Qe8 21. g4 hxg4 22. Qxg4 Bd7 23. Ne2 Rc8 24. Nf4 Rc7 25. Nh4 Rxh4 26. Rxh4 Nxh4+ 27. Bxh4 Bc8 28. Nxg6 Rg7 29. Bf6 Rxg6 30. Bxg6 Qxg6 31. Qxg6+ Nxg6 32. Rc1 Bxf6 33. Rxc8+ Kf7 34. Rc7+ Be7 35. Rxb7 Nf4+ 36. Kf3 Ng6 37. Rxa7 Kg7 38. Rb7 Kh6 39. Kg4 Bh4 40. Kf3 Kg5 41. a4 Nf4 42. Rb4 0-1

[Event "Helsingor Xtracon op"]
[Site "Helsingor"]
[Date "2019.07.23"]
[Round "5"]
[White "Jensen, Jonbert"]
[Black "Olsen, Lars Peter Levin"]
[Result "0-1"]
[WhiteElo "1461"]
[BlackElo "1187"]
[PlyCount "72"]
[EventDate "2019.07.20"]
[EventType "swiss"]
[EventRounds "10"]
[EventCountry "DEN"]
[SourceTitle "CBM 191 Extra"]
[Source "ChessBase"]
[SourceDate "2019.09.30"]
[SourceVersion "1"]
[SourceVersionDate "2019.09.30"]
[SourceQuality "1"]

1. e4 c5 2. Nf3 e6 3. Nc3 a6 4. a4 Nc6 5. b3 Qc7 6. Bb2 Be7 7. Be2 Bf6 8. 0-0 Nge7 9. Qc1 d6 10. Nd1 e5 11. Ne3 0-0 12. Nd5 Nxd5 13. exd5 Ne7 14. c4 Bf5 15. Ne1 Bg5 16. Qc3 Bh4 17. Bd3 Bg6 18. Bxg6 Nxg6 19. Qh3 Rae8 20. Nf3 Qd8 21. Rae1 Bf6 22. Re4 h6 23. g3 Qb6 24. Re3 Bd8 25. Qg2 f6 26. h4 Ne7 27. g4 Ng6 28. g5 Nf4 29. Qg4 fxg5 30. hxg5 hxg5 31. Nxg5 Bxg5 32. Qxg5 Qc7 33. Qg4 Qe7 34. Rg3 Rf7 35. Bc1 Rf6 36. Qh4 Ne2+ 0-1

[Event "Helsingor Xtracon op"]
[Site "Helsingor"]
[Date "2018.07.29"]
[Round "10"]
[White "Jensen, Jonbert"]
[Black "Hinrichs, Kurt"]
[Result "1-0"]
[WhiteElo "1481"]
[BlackElo "1223"]
[PlyCount "83"]
[EventDate "2018.07.21"]
[EventType "swiss"]
[EventRounds "10"]
[EventCountry "DEN"]
[SourceTitle "CBM 185 Extra"]
[Source "ChessBase"]
[SourceDate "2018.07.29"]
[SourceVersion "1"]
[SourceVersionDate "2018.07.29"]
[SourceQuality "1"]

1. e4 e6 2. d4 d5 3. e5 c5 4. c3 Nc6 5. Nf3 cxd4 6. cxd4 Nge7 7. Nc3 Nf5 8. Bb5 Be7 9. 0-0 0-0 10. Ne2 a6 11. Bd3 h6 12. a3 Qb6 13. Bc2 Bd7 14. b4 Rfc8 15. Bb2 Nd8 16. Ng3 Nxg3 17. fxg3 a5 18. Qd3 g6 19. Qd2 axb4 20. Qxh6 Rxc2 21. axb4 Rxa1 22. Bxa1 Qxb4 23. h4 Qc4 24. h5 Be8 25. Ng5 Bxg5 26. Qxg5 Qc7 27. h6 f6 28. Qxf6 Qf7 29. h7+ Kxh7 30. Qh4+ Kg7 31. Rxf7+ Nxf7 32. Qf4 b5 33. Qf1 b4 34. Qb1 Rc4 35. Bb2 b3 36. Qf1 Ba4 37. Qf6+ Kf8 38. Qxe6 Rc2 39. Ba3+ Kg7 40. Qf6+ Kg8 41. Qxg6+ Kh8 42. Bf8 1-0

[Event "Helsingor Xtracon op"]
[Site "Helsingor"]
[Date "2018.07.22"]
[Round "3"]
[White "Jensen, Jonbert"]
[Black "Rasmussen, Lars Garne"]
[Result "0-1"]
[WhiteElo "1481"]
[BlackElo "1995"]
[PlyCount "84"]
[EventDate "2018.07.21"]
[EventType "swiss"]
[EventRounds "10"]
[EventCountry "DEN"]
[SourceTitle "CBM 185 Extra"]
[Source "ChessBase"]
[SourceDate "2018.07.29"]
[SourceVersion "1"]
[SourceVersionDate "2018.07.29"]
[SourceQuality "1"]

1. e4 e5 2. Nf3 Nc6 3. Bb5 a6 4. Bxc6 dxc6 5. h3 Bc5 6. 0-0 f6 7. c3 Qd3 8. Re1 Be6 9. b4 Ba7 10. Na3 0-0-0 11. Qe2 Qd7 12. Bb2 g5 13. Nh2 h5 14. d4 exd4 15. cxd4 g4 16. h4 g3 17. fxg3 Bxd4+ 18. Bxd4 Qxd4+ 19. Qe3 Qxb4 20. Rab1 Qd4 21. Qxd4 Rxd4 22. Nf3 Rd3 23. Nc2 Nh6 24. Nb4 Rd7 25. a3 Ng4 26. Rbd1 Rhd8 27. Rxd7 Rxd7 28. Nc2 c5 29. Nh2 b5 30. Nxg4 Bxg4 31. Ne3 Be6 32. Rd1 Rxd1+ 33. Nxd1 b4 34. axb4 cxb4 35. Kf2 a5 36. Nb2 Bb3 37. Ke2 a4 38. Nd3 Bc4 39. Kd2 Bxd3 40. Kxd3 Kd7 41. Kc4 b3 42. Kc3 Ke6 0-1

[Event "Helsingor Xtracon op"]
[Site "Helsingor"]
[Date "2017.07.29"]
[Round "9"]
[White "Gelders, Marte"]
[Black "Jensen, Jonbert"]
[Result "1-0"]
[WhiteElo "1159"]
[BlackElo "1515"]
[PlyCount "87"]
[EventDate "2017.07.22"]
[EventType "swiss"]
[EventRounds "10"]
[EventCountry "DEN"]
[SourceTitle "CBM 179 Extra"]
[Source "ChessBase"]
[SourceDate "2017.08.23"]
[SourceVersion "1"]
[SourceVersionDate "2017.08.23"]
[SourceQuality "1"]

1. d4 d5 2. Nf3 Nf6 3. e3 e6 4. Bd3 c5 5. b3 cxd4 6. exd4 Nc6 7. 0-0 Be7 8. Nbd2 Nb4 9. Bb5+ Bd7 10. Bxd7+ Qxd7 11. Ne5 Qc7 12. c4 0-0 13. a3 Nc6 14. Ndf3 Rad8 15. Re1 dxc4 16. Nxc4 Rd5 17. Ne3 Rd7 18. Bb2 Rfd8 19. Qc2 Qf4 20. Ne5 Nxd4 21. Bxd4 Rxd4 22. Qc7 Nd7 23. N3c4 Bc5 24. Qxd8+ Nf8 25. g3 Qxf2+ 26. Kxf2 Rxd8+ 27. Ne3 Rd2+ 28. Re2 Rd8 29. b4 Bd4 30. Rd1 Bxe3+ 31. Ke1 Rxd1+ 32. Kxd1 Bb6 33. Nc4 Bc7 34. Kd2 Nd7 35. a4 Nb6 36. Nxb6 Bxb6 37. a5 Bd8 38. Kd3 a6 39. Rc2 Be7 40. Rc8+ Bf8 41. Kc4 g6 42. b5 Kg7 43. Rb8 Bd6 44. Rxb7 1-0

[Event "Helsingor Xtracon op"]
[Site "Helsingor"]
[Date "2017.07.25"]
[Round "5"]
[White "Kristensen, Lars Ostergaard"]
[Black "Jensen, Jonbert"]
[Result "0-1"]
[WhiteElo "1701"]
[BlackElo "1515"]
[PlyCount "58"]
[EventDate "2017.07.22"]
[EventType "swiss"]
[EventRounds "10"]
[EventCountry "DEN"]
[SourceTitle "CBM 179 Extra"]
[Source "ChessBase"]
[SourceDate "2017.08.23"]
[SourceVersion "1"]
[SourceVersionDate "2017.08.23"]
[SourceQuality "1"]

1. d4 d5 2. c4 e6 3. Nc3 Nf6 4. cxd5 exd5 5. Bg5 Be7 6. Qc2 0-0 7. e3 c6 8. Bd3 h6 9. Bh4 Ne4 10. Bxe7 Qxe7 11. Nxe4 dxe4 12. Bxe4 Nd7 13. Nf3 Nf6 14. Bd3 Nd5 15. 0-0 Be6 16. a3 Rac8 17. b4 Rc7 18. Qd2 Rd8 19. Rac1 Qd6 20. e4 Ne7 21. Rc3 Ng6 22. Rfc1 Re7 23. Rc5 Bg4 24. e5 Qd7 25. Bxg6 fxg6 26. R5c4 Bxf3 27. Qc2 Qg4 28. Kf1 Qxg2+ 29. Ke1 Rxe5+ 0-1

[Event "Helsingor Xtracon op"]
[Site "Helsingor"]
[Date "2017.07.22"]
[Round "1"]
[White "Kristiansen, Willy"]
[Black "Jensen, Jonbert"]
[Result "1-0"]
[WhiteElo "2041"]
[BlackElo "1515"]
[PlyCount "81"]
[EventDate "2017.07.22"]
[EventType "swiss"]
[EventRounds "10"]
[EventCountry "DEN"]
[SourceTitle "CBM 179 Extra"]
[Source "ChessBase"]
[SourceDate "2017.08.23"]
[SourceVersion "1"]
[SourceVersionDate "2017.08.23"]
[SourceQuality "1"]

1. d4 d5 2. c4 e6 3. Nf3 Nf6 4. g3 g6 5. Bg2 Bg7 6. 0-0 0-0 7. Nc3 c6 8. Qb3 Nbd7 9. Bg5 Qb6 10. c5 Qxb3 11. axb3 Re8 12. b4 b6 13. Bxf6 Bxf6 14. e4 Bb7 15. Rfc1 b5 16. e5 Bg7 17. Nd2 a6 18. Nb3 Bc8 19. Na5 Nb8 20. f4 Re7 21. g4 Raa7 22. Rf1 f6 23. Rad1 Bd7 24. h4 Be8 25. Kh2 Rf7 26. Bh3 fxe5 27. dxe5 Rae7 28. Ne2 Rf8 29. Kg3 h6 30. g5 h5 31. Rf3 Kf7 32. Nd4 Bh8 33. Kf2 Bg7 34. Ke3 Bh8 35. Kd3 Bg7 36. Rdf1 Bh8 37. Nxe6 Rxe6 38. f5 Rxe5 39. fxg6+ Ke7 40. Rxf8 Bg7 41. R8f7+ 1-0

[Event "Helsingor Xtracon op"]
[Site "Helsingor"]
[Date "2016.07.25"]
[Round "4"]
[White "Huse, Arne Kjelsbol"]
[Black "Jensen, Jonbert"]
[Result "1/2-1/2"]
[WhiteElo "1163"]
[BlackElo "1492"]
[PlyCount "58"]
[EventDate "2016.07.23"]
[EventType "swiss"]
[EventRounds "10"]
[EventCountry "DEN"]
[SourceTitle "CBM 173 Extra"]
[Source "ChessBase"]
[SourceDate "2016.08.29"]
[SourceVersion "1"]
[SourceVersionDate "2016.08.29"]
[SourceQuality "1"]

1. e4 d6 2. d4 Nf6 3. Nc3 g6 4. Nf3 Bg7 5. Bc4 0-0 6. Bg5 Nc6 7. Qc1 Qe8 8. Bh6 e5 9. Nd5 Nxd5 10. Bxd5 Be6 11. Bxc6 Qxc6 12. Bxg7 Qxe4+ 13. Kf1 Kxg7 14. dxe5 Bc4+ 15. Kg1 dxe5 16. h4 Rad8 17. h5 Qf4 18. Qe1 Rfe8 19. hxg6 fxg6 20. Qc3 c6 21. Re1 h6 22. Nxe5 Qf6 23. Rxh6 Rxe5 24. Rxe5 Rd1+ 25. Kh2 Qf4+ 26. g3 Qxf2+ 27. Kh3 Kxh6 28. Qxc4 Qf6 29. Qe2 Qf8 1/2-1/2

[Event "Amager-ch"]
[Site "Amager"]
[Date "2015.10.20"]
[Round "7"]
[White "Jensen, Jonbert"]
[Black "Tronning, Mark Philip"]
[Result "1/2-1/2"]
[WhiteElo "1363"]
[BlackElo "1456"]
[PlyCount "126"]
[EventDate "2015.08.18"]
[EventType "swiss"]
[EventRounds "7"]
[EventCountry "DEN"]
[SourceTitle "EXT 2023"]
[Source "ChessBase"]
[SourceDate "2022.10.05"]
[SourceVersion "1"]
[SourceVersionDate "2022.10.05"]
[SourceQuality "1"]

1. e4 e5 2. Nf3 d6 3. d4 exd4 4. Nxd4 Bd7 5. Bb5 Bxb5 6. Nxb5 Be7 7. 0-0 Nf6 8. Re1 0-0 9. Bf4 Nc6 10. N1c3 a6 11. Nd4 Nxd4 12. Qxd4 Nh5 13. Bd2 Bg5 14. Rad1 Bxd2 15. Qxd2 b5 16. e5 dxe5 17. Rxe5 Nf6 18. Qe2 Qc8 19. Nd5 Nxd5 20. Rexd5 Re8 21. Qf3 Qe6 22. h3 Qe2 23. Qxe2 Rxe2 24. Rd8+ Re8 25. R8d7 Rac8 26. Kf1 Kf8 27. R1d3 c5 28. Re3 Rxe3 29. fxe3 Rc6 30. Ke2 g6 31. Kf3 c4 32. c3 Kg7 33. e4 Re6 34. Ke3 g5 35. Rd5 Kg6 36. Kd4 f6 37. b3 cxb3 38. axb3 h5 39. c4 bxc4 40. bxc4 h4 41. c5 Kf7 42. Rd7+ Re7 43. Rd6 Re6 44. Rb6 a5 45. Rb7+ Re7 46. c6 Ke6 47. Kc5 a4 48. Rb1 a3 49. Kb6 a2 50. Ra1 Kd6 51. Rd1+ Ke5 52. c7 Rxc7 53. Kxc7 Kxe4 54. Ra1 Kf4 55. Rxa2 f5 56. Rf2+ Kg3 57. Rxf5 Kxg2 58. Rxg5+ Kxh3 59. Ra5 Kh2 60. Ra2+ Kg3 61. Kd6 h3 62. Ke5 h2 63. Ra1 Kg2 1/2-1/2

[Event "Amager-ch"]
[Site "Amager"]
[Date "2015.09.08"]
[Round "4"]
[White "Jensen, Jonbert"]
[Black "Madsen, Michael Leerberg"]
[Result "0-1"]
[WhiteElo "1363"]
[BlackElo "1652"]
[PlyCount "64"]
[EventDate "2015.08.18"]
[EventType "swiss"]
[EventRounds "7"]
[EventCountry "DEN"]
[SourceTitle "EXT 2023"]
[Source "ChessBase"]
[SourceDate "2022.10.05"]
[SourceVersion "1"]
[SourceVersionDate "2022.10.05"]
[SourceQuality "1"]

1. e4 c5 2. Nf3 Nc6 3. d4 cxd4 4. Nxd4 Nf6 5. Nxc6 bxc6 6. Bd3 g6 7. Nc3 Bg7 8. e5 Ng8 9. f4 d6 10. exd6 exd6 11. 0-0 Ne7 12. Qe2 0-0 13. Rb1 Nf5 14. Re1 Qb6+ 15. Kh1 Bxc3 16. Bd2 Bxd2 17. Qxd2 d5 18. c3 Nd6 19. b3 Bf5 20. c4 Bxd3 21. Qxd3 Ne4 22. Qe3 Rfe8 23. Kg1 Qxe3+ 24. Rxe3 d4 25. Ree1 d3 26. Re3 Nc3 27. Rxe8+ Rxe8 28. Rb2 Re2 29. Rxe2 Nxe2+ 30. Kf2 Nxf4 31. g3 d2 32. gxf4 d1Q 0-1

[Event "Politiken Cup 37th"]
[Site "Helsingor"]
[Date "2015.08.01"]
[Round "9"]
[White "Jensen, Jonbert"]
[Black "Shehzad, Alisha"]
[Result "1/2-1/2"]
[WhiteElo "1569"]
[BlackElo "1266"]
[PlyCount "51"]
[EventDate "2015.07.25"]
[EventType "swiss"]
[EventRounds "10"]
[EventCountry "DEN"]
[SourceTitle "CBM 167 Extra"]
[Source "ChessBase"]
[SourceDate "2015.09.14"]
[SourceVersion "1"]
[SourceVersionDate "2015.09.14"]
[SourceQuality "1"]

1. e4 e5 2. Nf3 Nc6 3. Bc4 Bc5 4. d3 h6 5. a3 a5 6. 0-0 d6 7. h3 Nf6 8. Be3 0-0 9. Nc3 Be6 10. Nd5 Ba7 11. Qd2 Kh7 12. Nh4 Nxd5 13. exd5 Qxh4 14. Bxa7 Bxd5 15. Bxd5 Rxa7 16. c3 Qg5 17. Qxg5 hxg5 18. Bxc6 bxc6 19. Rfe1 c5 20. Re4 f5 21. Ra4 Rfa8 22. g3 Kg6 23. Kg2 Kf6 24. f3 Ke6 25. Re1 Kd7 26. Re2 1/2-1/2

[Event "Politiken Cup 37th"]
[Site "Helsingor"]
[Date "2015.07.27"]
[Round "4"]
[White "Maechel, Michael"]
[Black "Jensen, Jonbert"]
[Result "1-0"]
[WhiteElo "1738"]
[BlackElo "1569"]
[PlyCount "43"]
[EventDate "2015.07.25"]
[EventType "swiss"]
[EventRounds "10"]
[EventCountry "DEN"]
[SourceTitle "CBM 167 Extra"]
[Source "ChessBase"]
[SourceDate "2015.09.14"]
[SourceVersion "1"]
[SourceVersionDate "2015.09.14"]
[SourceQuality "1"]

1. e4 e5 2. Nf3 Nf6 3. Nxe5 d6 4. Nf3 Nxe4 5. d4 Be7 6. Bd3 d5 7. 0-0 0-0 8. c4 Be6 9. Re1 Ng5 10. Nxg5 Bxg5 11. Qh5 g6 12. Qxg5 Qxg5 13. Bxg5 dxc4 14. Be4 c6 15. Nc3 Kg7 16. d5 cxd5 17. Bxd5 Bxd5 18. Nxd5 Nd7 19. Re7 Rad8 20. Nf4 Kg8 21. Rae1 Nc5 22. Bh6 1-0

[Event "Politiken Cup 37th"]
[Site "Helsingor"]
[Date "2015.07.26"]
[Round "3"]
[White "Jensen, Jonbert"]
[Black "Andersen, Dag"]
[Result "0-1"]
[WhiteElo "1569"]
[BlackElo "1840"]
[PlyCount "66"]
[EventDate "2015.07.25"]
[EventType "swiss"]
[EventRounds "10"]
[EventCountry "DEN"]
[SourceTitle "CBM 167 Extra"]
[Source "ChessBase"]
[SourceDate "2015.09.14"]
[SourceVersion "1"]
[SourceVersionDate "2015.09.14"]
[SourceQuality "1"]

1. e4 c5 2. Nf3 e6 3. Be2 Nc6 4. 0-0 d6 5. d4 cxd4 6. Nxd4 Nf6 7. Bg5 Be7 8. Nxc6 bxc6 9. e5 dxe5 10. Qxd8+ Bxd8 11. Nc3 0-0 12. Rad1 h6 13. Bh4 Rb8 14. Rd6 Rxb2 15. Bd3 Bb7 16. Ne4 Nxe4 17. Rxd8 Rxd8 18. Bxd8 Nc5 19. Bc7 Nxd3 20. cxd3 f6 21. Bd6 Ba6 22. Ra1 Bxd3 23. Bc5 a5 24. f3 a4 25. a3 Rc2 26. Rd1 e4 27. fxe4 Bxe4 28. Rd4 Bd5 29. Bd6 Rxg2+ 30. Kf1 Rc2 31. Rxa4 c5 32. Ra5 c4 33. Bb4 Rxh2 0-1

[Event "Hillerod Byturnering E"]
[Site "Hillerod"]
[Date "2015.??.??"]
[Round "2"]
[White "Holm, Erik"]
[Black "Jensen, Jonbert"]
[Result "0-1"]
[WhiteElo "1417"]
[BlackElo "1574"]
[PlyCount "54"]
[EventDate "2015.04.28"]
[EventType "swiss"]
[EventRounds "7"]
[EventCountry "DEN"]
[SourceTitle "EXT 2024"]
[Source "ChessBase"]
[SourceDate "2023.10.10"]
[SourceVersion "1"]
[SourceVersionDate "2023.10.10"]
[SourceQuality "1"]

1. e4 e5 2. Nf3 Nc6 3. Bb5 Nf6 4. Nc3 d6 5. h3 Bd7 6. d3 Be7 7. 0-0 a6 8. Ba4 b5 9. Bb3 Be6 10. Bxe6 fxe6 11. Ng5 Qd7 12. a3 h6 13. Nf3 Nd4 14. Be3 Nxf3+ 15. Qxf3 0-0 16. Qg3 Nh5 17. Qg4 Nf4 18. Qd1 d5 19. exd5 exd5 20. Bd2 Nxh3+ 21. gxh3 Qxh3 22. Qe2 Rf3 23. Rfd1 Qg4+ 24. Kf1 Bh4 25. Be1 Raf8 26. Rd2 Qh3+ 27. Kg1 R8f4 0-1

[Event "Amager-ch C"]
[Site "Amager"]
[Date "2014.08.26"]
[Round "2"]
[White "Jensen, Jonbert"]
[Black "Mathiesen, Bjarne"]
[Result "1-0"]
[WhiteElo "1349"]
[BlackElo "1417"]
[PlyCount "39"]
[EventDate "2014.08.19"]
[EventType "tourn"]
[EventRounds "7"]
[EventCountry "DEN"]
[SourceTitle "EXT 2023"]
[Source "ChessBase"]
[SourceDate "2022.10.05"]
[SourceVersion "1"]
[SourceVersionDate "2022.10.05"]
[SourceQuality "1"]

1. e4 e5 2. Nc3 Nf6 3. Nf3 d6 4. d4 exd4 5. Nxd4 g6 6. Bg5 Bg7 7. Qf3 Be6 8. 0-0-0 0-0 9. Nxe6 fxe6 10. e5 h6 11. Bxf6 Bxf6 12. exf6 Rxf6 13. Qxb7 Nd7 14. Ne4 Rf5 15. Qb3 Re5 16. Qg3 Kg7 17. Bd3 d5 18. Nc5 Kf6 19. Qxg6+ Ke7 20. Qg7+ 1-0

[Event "Copenhagen Bronshoj op"]
[Site "Copenhagen"]
[Date "2014.02.10"]
[Round "6"]
[White "Jorgensen, Orla Eilegaard"]
[Black "Jensen, Jonbert"]
[Result "0-1"]
[WhiteElo "1593"]
[BlackElo "1583"]
[PlyCount "58"]
[EventDate "2014.02.07"]
[EventType "swiss"]
[EventRounds "7"]
[EventCountry "DEN"]
[SourceTitle "CBM 158 Extra"]
[Source "ChessBase"]
[SourceDate "2014.02.28"]
[SourceVersion "1"]
[SourceVersionDate "2014.02.28"]
[SourceQuality "1"]

1. e4 e5 2. f4 d6 3. Bc4 Nf6 4. Nc3 Qe7 5. d3 Be6 6. Bxe6 Qxe6 7. f5 Qd7 8. Nf3 Nc6 9. Be3 Ng4 10. Bg1 h5 11. h3 Nf6 12. Qd2 d5 13. exd5 Nxd5 14. Nxd5 Qxd5 15. c4 Qd7 16. 0-0-0 0-0-0 17. Be3 f6 18. g4 hxg4 19. hxg4 Rxh1 20. Rxh1 Bb4 21. Qc2 Qxd3 22. Qxd3 Rxd3 23. Bd2 Rxf3 24. Rh8+ Kd7 25. Bxb4 Nxb4 26. Rh7 Nxa2+ 27. Kb1 Nb4 28. Rxg7+ Ke8 29. Rxc7 Rf1# 0-1

[Event "Copenhagen Bronshoj op"]
[Site "Copenhagen"]
[Date "2014.02.07"]
[Round "1"]
[White "Christensen, Esben"]
[Black "Jensen, Jonbert"]
[Result "1-0"]
[WhiteElo "2016"]
[BlackElo "1583"]
[PlyCount "69"]
[EventDate "2014.02.07"]
[EventType "swiss"]
[EventRounds "7"]
[EventCountry "DEN"]
[SourceTitle "CBM 158 Extra"]
[Source "ChessBase"]
[SourceDate "2014.02.28"]
[SourceVersion "1"]
[SourceVersionDate "2014.02.28"]
[SourceQuality "1"]

1. e4 d6 2. Nf3 e5 3. Bc4 Nf6 4. Ng5 d5 5. exd5 Nxd5 6. Nxf7 Kxf7 7. Qf3+ Ke6 8. Nc3 c6 9. 0-0 Qf6 10. Bxd5+ cxd5 11. Qxd5+ Ke7 12. d4 Nc6 13. dxe5 Qe6 14. Qe4 Kf7 15. f4 Bc5+ 16. Be3 Bxe3+ 17. Qxe3 Re8 18. Ne4 h6 19. Rad1 Re7 20. Rd6 Qf5 21. Rxc6 Kg8 22. Nd6 Qd7 23. Qb3+ Kh7 24. Qd3+ g6 25. Rc3 Qd8 26. Rxc8 Rxc8 27. Nxc8 Qxc8 28. Rd1 Qe6 29. Qd6 Qf7 30. Qf6 Qe8 31. Rd6 Rd7 32. Qe6 Re7 33. Qd5 Kg7 34. e6 Kf8 35. Rd8 1-0

[Event "Copenhagen Challenge"]
[Site "Ballerup"]
[Date "2013.04.27"]
[Round "6"]
[White "Jensen, Jonbert"]
[Black "Marthedal, Anton Mehmet Yildiz"]
[Result "1/2-1/2"]
[WhiteElo "1576"]
[BlackElo "1574"]
[PlyCount "78"]
[EventDate "2013.04.24"]
[EventType "swiss"]
[EventRounds "9"]
[EventCountry "DEN"]
[SourceTitle "CBM 154 Extra"]
[Source "ChessBase"]
[SourceDate "2013.06.25"]
[SourceVersion "2"]
[SourceVersionDate "2013.06.25"]
[SourceQuality "1"]

1. e4 d6 2. d4 Nf6 3. Nc3 g6 4. f3 Bg7 5. Be3 0-0 6. Qd2 Re8 7. 0-0-0 Nbd7 8. Nge2 e5 9. d5 a6 10. g4 Kh8 11. h4 Nb6 12. Ng3 Ng8 13. h5 Nd7 14. g5 b5 15. Bh3 Nc5 16. Bxc8 Rxc8 17. Rh3 b4 18. Nce2 a5 19. Rdh1 h6 20. hxg6 fxg6 21. gxh6 Bf6 22. h7 Ne7 23. f4 c6 24. f5 cxd5 25. Bg5 Rf8 26. Bxf6+ Rxf6 27. fxg6 Rxg6 28. Kb1 Nxe4 29. Nxe4 dxe4 30. Rh6 d5 31. Rxg6 Nxg6 32. Qh6 Nf4 33. Nxf4 exf4 34. Qxf4 Qc7 35. Qf6+ Qg7 36. Qa6 Qc7 37. Qf6+ Qg7 38. Qe6 Qc7 39. Qf6+ Qg7 1/2-1/2

[Event "Copenhagen Bronshoj op"]
[Site "Copenhagen"]
[Date "2013.02.09"]
[Round "3"]
[White "Jensen, Jonbert"]
[Black "Kyrkjebo, Marte Bakken"]
[Result "0-1"]
[WhiteElo "1605"]
[BlackElo "1632"]
[PlyCount "46"]
[EventDate "2013.02.08"]
[EventType "swiss"]
[EventRounds "7"]
[EventCountry "DEN"]
[SourceTitle "CBM 152 Extra"]
[Source "ChessBase"]
[SourceDate "2013.02.25"]
[SourceVersion "1"]
[SourceVersionDate "2013.02.25"]
[SourceQuality "1"]

1. e4 e5 2. Nf3 Nc6 3. Be2 Nf6 4. d3 d5 5. Bg5 dxe4 6. Bxf6 Qxf6 7. dxe4 Qg6 8. 0-0 Be7 9. Kh1 Qxe4 10. Nc3 Qg6 11. Bd3 f5 12. Bb5 0-0 13. Nd5 Bd6 14. Bxc6 bxc6 15. Nxe5 Qh6 16. f4 cxd5 17. Qxd5+ Be6 18. Qd2 Bxe5 19. Rae1 Bd6 20. Rf3 Rae8 21. b3 Bd7 22. Ref1 Bc6 23. Rg3 Bxf4 0-1